<?xml version="1.0" encoding="UTF-8"?>
<record
    xmlns:xsi="http://www.w3.org/2001/XMLSchema-instance"
    xsi:schemaLocation="http://www.loc.gov/MARC21/slim http://www.loc.gov/standards/marcxml/schema/MARC21slim.xsd"
    xmlns="http://www.loc.gov/MARC21/slim">

  <leader>01539cam a22002533a 4500</leader>
  <controlfield tag="001">1858</controlfield>
  <controlfield tag="003">PGUSA</controlfield>
  <controlfield tag="005">20140828083007.0</controlfield>
  <controlfield tag="008">990801s1999||||xxu|||||s|||||000 1 eng d</controlfield>
  <datafield tag="040" ind1=" " ind2=" ">
    <subfield code="a">PGUSA</subfield>
    <subfield code="b">eng</subfield>
  </datafield>
  <datafield tag="042" ind1=" " ind2=" ">
    <subfield code="a">dc</subfield>
  </datafield>
  <datafield tag="050" ind1=" " ind2="4">
    <subfield code="a">PR</subfield>
  </datafield>
  <datafield tag="100" ind1="1" ind2=" ">
    <subfield code="a">Kipling, Rudyard,</subfield>
    <subfield code="d">1865-1936</subfield>
  </datafield>
  <datafield tag="245" ind1="1" ind2="0">
    <subfield code="a">Plain Tales from the Hills</subfield>
    <subfield code="h">[electronic resource] /</subfield>
    <subfield code="c">Rudyard Kipling</subfield>
  </datafield>
  <datafield tag="260" ind1=" " ind2=" ">
    <subfield code="b">Project Gutenberg,</subfield>
    <subfield code="c">1999</subfield>
  </datafield>
  <datafield tag="505" ind1="0" ind2=" ">
    <subfield code="a">Lispeth -- Three and--an extra -- Thrown away -- Miss Youghal's sais -- Yoked with an unbeliever -- False dawn -- The rescue of Pluffles -- Cupid's arrows -- His chance in life -- Watches of the night -- The other man -- Consequences -- The conversionof Aurelian McGoggin -- A germ destroyer -- Kidnapped -- The arrest of Liutenanat Golightly -- The house of Suddhoo -- His wedded wife -- The broken link handicapped -- Beyond the pale -- In error -- A bank fraud -- Tod's amendment -- In the pride of his youth -- Pig -- The rout of the White Hussars -- The Bronckhorst divorce-case -- Venus Annodomini -- The Bisara of poorer -- The gate of a hundred sorrows -- The story of Muhammid Din -- On the strength of a likeness -- Wressley of the Foreign Office -- By word of mouth -- To be held for reference.</subfield>
  </datafield>
  <datafield tag="506" ind1=" " ind2=" ">
    <subfield code="a">Public domain in the USA.</subfield>
  </datafield>
  <datafield tag="516" ind1=" " ind2=" ">
    <subfield code="a">Electronic text</subfield>
  </datafield>
  <datafield tag="653" ind1=" " ind2=" ">
    <subfield code="a">British -- India -- Fiction</subfield>
  </datafield>
  <datafield tag="653" ind1=" " ind2=" ">
    <subfield code="a">India -- History -- British occupation, 1765-1947 -- Fiction</subfield>
  </datafield>
  <datafield tag="830" ind1=" " ind2="0">
    <subfield code="a">Project Gutenberg</subfield>
    <subfield code="v">1858</subfield>
  </datafield>
  <datafield tag="856" ind1="4" ind2="0">
    <subfield code="u">http://www.gutenberg.org/ebooks/1858</subfield>
  </datafield>
  <datafield tag="942" ind1=" " ind2=" ">
    <subfield code="c">EB</subfield>
  </datafield>
  <datafield tag="999" ind1=" " ind2=" ">
    <subfield code="c">231201</subfield>
    <subfield code="d">231201</subfield>
  </datafield>
  <datafield tag="952" ind1=" " ind2=" ">
    <subfield code="0">0</subfield>
    <subfield code="1">0</subfield>
    <subfield code="4">0</subfield>
    <subfield code="a">GTB</subfield>
    <subfield code="b">GTB</subfield>
    <subfield code="d">2014-08-28</subfield>
    <subfield code="l">0</subfield>
    <subfield code="r">2014-08-28 00:00:00</subfield>
    <subfield code="w">2014-08-28</subfield>
    <subfield code="y">EB</subfield>
  </datafield>
</record>
